[Event "Championnat de France - Accession"]
[Site "BESANCON"]
[Date "2006.08.15"]
[Round "1.1"]
[White "Chernuschevich, Alexei"]
[Black "Forthofer, Robert"]
[Result "1-0"]
[WhiteElo "2524"]
[BlackElo "2255"]
[PlyCount "45"]
[EventDate "2006.??.??"]

1. d4 d5 2. c4 Nc6 3. Nc3 e5 4. cxd5 Nxd4 5. e3 Nf5 6. Nf3 Bd6 7. Bb5+ Bd7 8.
Bxd7+ Qxd7 9. e4 Nfe7 10. Qb3 c6 11. dxc6 Nxc6 12. O-O Nge7 13. Rd1 Nd4 14.
Nxd4 exd4 15. Nd5 Nc6 16. Bg5 O-O 17. Bf6 Qe6 18. Bxd4 Nxd4 19. Rxd4 Qe5 20.
Rad1 Qxh2+ 21. Kf1 Qh1+ 22. Ke2 Qxg2 23. Ne3 1-0

[Event "Championnat de France - Accession"]
[Site "BESANCON"]
[Date "2006.08.15"]
[Round "1.2"]
[White "Crouan, Stephane"]
[Black "Philippe, Christophe"]
[Result "0-1"]
[WhiteElo "2253"]
[BlackElo "2411"]
[PlyCount "82"]
[EventDate "2006.??.??"]

1. e4 c5 2. Nf3 Nc6 3. d4 cxd4 4. Nxd4 Nf6 5. Nc3 e5 6. Ndb5 d6 7. Bg5 a6 8.
Na3 b5 9. Bxf6 gxf6 10. Nd5 f5 11. c3 Bg7 12. Bd3 Be6 13. Nxb5 axb5 14. Bxb5
Bd7 15. exf5 O-O 16. Qg4 Kh8 17. Qe4 Rb8 18. a4 f6 19. O-O Qc8 20. g4 Bh6 21.
Kh1 Rf7 22. Rfd1 Qf8 23. b4 Rg7 24. Be2 Ne7 25. Nxe7 Rxe7 26. a5 d5 27. Qxd5
Bf4 28. h3 Rc8 29. b5 Rxc3 30. Bf3 Qh6 31. Bg2 e4 32. a6 Rxh3+ 33. Kg1 Rh1+ 34.
Bxh1 Qh2+ 35. Kf1 Qxh1+ 36. Ke2 Qf3+ 37. Ke1 Qc3+ 38. Kf1 Qh3+ 39. Ke2 Qxg4+
40. Kf1 e3 41. fxe3 Qh3+ 0-1

[Event "Championnat de France - Accession"]
[Site "BESANCON"]
[Date "2006.08.15"]
[Round "1.3"]
[White "Benitah, Yohan"]
[Black "Khairallah, Faisal"]
[Result "1-0"]
[WhiteElo "2406"]
[BlackElo "2248"]
[PlyCount "83"]
[EventDate "2006.??.??"]

1. d4 Nf6 2. c4 e6 3. Nc3 Bb4 4. Qc2 O-O 5. e4 d5 6. e5 Ne4 7. a3 Bxc3+ 8. bxc3
c5 9. Bd3 f5 10. Ne2 cxd4 11. cxd4 Qa5+ 12. Kf1 Bd7 13. f3 Na6 14. g3 Nb4 15.
axb4 Qxa1 16. Kg2 Ba4 17. Qb1 Qxb1 18. Bxb1 dxc4 19. fxe4 a5 20. Ba3 fxe4 21.
Bxe4 Rf7 22. Rb1 axb4 23. Bxb4 Bc6 24. Bxc6 bxc6 25. Bc5 g5 26. Nc3 g4 27. Rb2
Ra1 28. Rc2 Rff1 29. Ne2 Rf3 30. Bb4 Kf7 31. Bc3 Rb1 32. Bb2 Kg6 33. Bc1 Ra1
34. h3 Kf5 35. hxg4+ Kxg4 36. Rxc4 Rf5 37. d5+ Kh5 38. dxc6 Ra2 39. Bf4 Rf8 40.
Kf3 Kg6 41. c7 Rc8 42. Nd4 1-0

[Event "Championnat de France - Accession"]
[Site "BESANCON"]
[Date "2006.08.15"]
[Round "1.4"]
[White "Alanic, Mickael"]
[Black "Edouard, Romain"]
[Result "0-1"]
[WhiteElo "2246"]
[BlackElo "2404"]
[PlyCount "80"]
[EventDate "2006.??.??"]

1. e4 c5 2. Nf3 d6 3. d3 g6 4. g3 Bg7 5. Bg2 Nc6 6. O-O e6 7. Re1 Nge7 8. c3
O-O 9. d4 cxd4 10. cxd4 d5 11. e5 f6 12. Nc3 fxe5 13. dxe5 h6 14. h4 Nf5 15.
Bf4 Nxh4 16. Nxh4 Rxf4 17. Nxg6 Rd4 18. Qc2 Qg5 19. Re3 Rg4 20. Nxd5 Qxg6 21.
Qxg6 Rxg6 22. Nc7 Rb8 23. Be4 Rg4 24. f4 h5 25. Rd1 h4 26. Bxc6 bxc6 27. Rd8+
Kf7 28. f5 exf5 29. e6+ Bxe6 30. Nxe6 Rxd8 31. Nxd8+ Kg6 32. Nxc6 hxg3 33. Re6+
Kg5 34. Re7 Bxb2 35. Kg2 f4 36. Re2 Bf6 37. Nxa7 Rh4 38. Kf3 Rh1 39. Rc2 Rf1+
40. Kg2 Rd1 0-1

[Event "Championnat de France - Accession"]
[Site "BESANCON"]
[Date "2006.08.15"]
[Round "1.5"]
[White "Govciyan, Pavel"]
[Black "Tournier, Mathieu"]
[Result "1-0"]
[WhiteElo "2397"]
[BlackElo "2246"]
[PlyCount "69"]
[EventDate "2006.??.??"]

1. Nf3 Nf6 2. c4 c6 3. Nc3 d5 4. e3 e6 5. d4 Nbd7 6. Qc2 Bd6 7. Bd3 O-O 8. O-O
e5 9. cxd5 cxd5 10. e4 dxe4 11. Nxe4 Nxe4 12. Bxe4 h6 13. Be3 exd4 14. Bh7+ Kh8
15. Bxd4 Nf6 16. Bf5 Qa5 17. Bxc8 Raxc8 18. Qb3 Rc7 19. Rad1 Rd7 20. Bxf6 gxf6
21. g3 Rfd8 22. Rd5 Bc5 23. Rxd7 Rxd7 24. Re1 Qb6 25. Re8+ Kg7 26. Qa4 Bxf2+
27. Kg2 Rd4 28. Nxd4 Bxd4 29. Re4 Be5 30. Rg4+ Kf8 31. Qb4+ Qxb4 32. Rxb4 b6
33. Kf3 Ke7 34. Kg4 Kd6 35. b3 1-0

[Event "Championnat de France - Accession"]
[Site "BESANCON"]
[Date "2006.08.15"]
[Round "1.6"]
[White "Touboulic, Julien"]
[Black "Olivier, Jean-Christophe"]
[Result "0-1"]
[WhiteElo "2244"]
[BlackElo "2392"]
[PlyCount "66"]
[EventDate "2006.??.??"]

1. e4 c5 2. Nf3 d6 3. Bb5+ Bd7 4. Bxd7+ Qxd7 5. O-O Nc6 6. c3 Nf6 7. d4 cxd4 8.
cxd4 Nxe4 9. d5 Ne5 10. Re1 Nxf3+ 11. Qxf3 Nf6 12. Nc3 e5 13. dxe6 fxe6 14. Nd5
Kf7 15. Nxf6 gxf6 16. Bg5 Bg7 17. Qh5+ Ke7 18. Bh4 Rac8 19. Rad1 Rc6 20. Rd3
Kd8 21. Rf3 Qe7 22. Qa5+ b6 23. Qa4 Rc7 24. Rfe3 e5 25. Rd3 Kc8 26. Red1 Rd8
27. Qe4 Kb8 28. f4 Rdd7 29. Qxh7 e4 30. Rd5 Rc2 31. R5d4 d5 32. Rxd5 Qc5+ 33.
Kh1 Qxd5 0-1

[Event "Championnat de France - Accession"]
[Site "BESANCON"]
[Date "2006.08.15"]
[Round "1.7"]
[White "Housieaux, David"]
[Black "Ouakhir, Mehdi"]
[Result "1/2-1/2"]
[WhiteElo "2379"]
[BlackElo "2238"]
[PlyCount "86"]
[EventDate "2006.??.??"]

1. d4 d5 2. c4 e6 3. Nc3 c6 4. Nf3 Nf6 5. Bg5 dxc4 6. e4 b5 7. e5 h6 8. Bh4 g5
9. Nxg5 hxg5 10. Bxg5 Nbd7 11. exf6 Bb7 12. g3 Qb6 13. Bg2 O-O-O 14. O-O c5 15.
d5 b4 16. Rb1 Bh6 17. Bxh6 Rxh6 18. Qg4 Nxf6 19. Qg7 Rdh8 20. Qxf7 Nxd5 21.
Nxd5 Bxd5 22. h4 Qb7 23. Qxb7+ Kxb7 24. Rbd1 Rh5 25. Rfe1 Kb6 26. Bh3 R5h6 27.
f4 Rg8 28. Kf2 Kc6 29. Re5 a5 30. h5 c3 31. bxc3 Bxa2 32. cxb4 axb4 33. Bg2+
Kb6 34. Rd6+ Kb5 35. Bc6+ Kc4 36. Re4+ Kc3 37. Re3+ Kc4 38. Re4+ Kc3 39. Bb5
Bd5 40. Re3+ Kb2 41. Re2+ Kc3 42. Re3+ Kb2 43. Re2+ Kc3 1/2-1/2

[Event "Championnat de France - Accession"]
[Site "BESANCON"]
[Date "2006.08.15"]
[Round "1.8"]
[White "Cappon, John"]
[Black "Seret, Jean-Luc"]
[Result "0-1"]
[WhiteElo "2231"]
[BlackElo "2378"]
[PlyCount "66"]
[EventDate "2006.??.??"]

1. e4 d6 2. d4 Nf6 3. Nc3 Nbd7 4. Bg5 e5 5. Nf3 Be7 6. Qd2 O-O 7. O-O-O c6 8.
Bxf6 Bxf6 9. d5 c5 10. g4 a6 11. h4 b5 12. g5 Be7 13. Ne2 f5 14. exf5 Rxf5 15.
Qe3 Qf8 16. Nd2 Nb6 17. Bg2 Bb7 18. c4 Qf7 19. Bh3 bxc4 20. Bxf5 Qxf5 21. Nc3
Nxd5 22. Nxd5 Bxd5 23. f3 Rf8 24. Rhf1 Qf4 25. Qxf4 Rxf4 26. Ne4 Bxe4 27. fxe4
Rxe4 28. Rh1 Kf7 29. Kc2 Ke6 30. Rh2 d5 31. Rf1 a5 32. h5 Bxg5 33. Rf8 Re1 0-1

[Event "Championnat de France - Accession"]
[Site "BESANCON"]
[Date "2006.08.15"]
[Round "1.9"]
[White "Bijaoui, Manuel"]
[Black "Fantin, Ludwig"]
[Result "1/2-1/2"]
[WhiteElo "2363"]
[BlackElo "2226"]
[PlyCount "60"]
[EventDate "2006.??.??"]

1. e4 c5 2. Nf3 d6 3. d4 cxd4 4. Nxd4 Nf6 5. Nc3 a6 6. Bg5 e6 7. f4 Nbd7 8. Qf3
Qc7 9. O-O-O b5 10. Bxf6 Nxf6 11. e5 Bb7 12. Qe3 Nd5 13. Nxd5 Bxd5 14. Nxb5
axb5 15. Rxd5 Be7 16. Bxb5+ Kf8 17. Rd4 Rxa2 18. Ra4 Rxa4 19. Bxa4 dxe5 20.
fxe5 h6 21. Kb1 g6 22. h4 Kg7 23. Qf4 g5 24. Qe4 Rb8 25. hxg5 Bxg5 26. Rf1 Qa5
27. b3 Rb4 28. Rxf7+ Kxf7 29. Qh7+ Kf8 30. Qh8+ Kf7 1/2-1/2

[Event "Championnat de France - Accession"]
[Site "BESANCON"]
[Date "2006.08.15"]
[Round "1.10"]
[White "Tranchant, Sebastien"]
[Black "Shoker, Samy"]
[Result "0-1"]
[WhiteElo "2222"]
[BlackElo "2355"]
[PlyCount "59"]
[EventDate "2006.??.??"]

1. e4 g6 2. d4 Bg7 3. Nc3 d6 4. Be3 Nd7 5. f4 a6 6. a4 b6 7. Nf3 Bb7 8. Bd3 e5
9. O-O exf4 10. Bxf4 Ne7 11. Bc4 h6 12. Qd2 Nf8 13. Rae1 Ne6 14. Bg3 O-O 15. d5
Nc5 16. e5 Nf5 17. Bf4 Re8 18. b4 dxe5 19. Nxe5 Nd7 20. Nd3 Qf6 21. Ne2 Rxe2
22. Qxe2 Qd4+ 23. Nf2 Qxf4 24. Bb3 Qxb4 25. Nd3 Qd6 26. Nf4 Be5 27. Qe4 Re8 28.
Kh1 Nc5 29. Qc4 Rd8 30. Nxg6 0-1

[Event "Championnat de France - Accession"]
[Site "BESANCON"]
[Date "2006.08.15"]
[Round "1.12"]
[White "Kirszenberg, Marc"]
[Black "Feller, Sebastien"]
[Result "0-1"]
[WhiteElo "2204"]
[BlackElo "2345"]
[PlyCount "72"]
[EventDate "2006.??.??"]

1. d4 d5 2. Nf3 e6 3. c4 c6 4. cxd5 exd5 5. Nc3 Bd6 6. Qc2 Ne7 7. e4 dxe4 8.
Nxe4 Bg4 9. Be3 Bxf3 10. Nxd6+ Qxd6 11. gxf3 Nd7 12. O-O-O Nf6 13. Bc4 Nfd5 14.
Qe4 O-O-O 15. Qg4+ Qd7 16. Bd2 Qxg4 17. fxg4 h5 18. h3 Rde8 19. Rhe1 Kd7 20.
Re5 hxg4 21. hxg4 f6 22. Re4 Nc8 23. Rxe8 Kxe8 24. Bd3 Kf7 25. g5 Nce7 26. gxf6
gxf6 27. Rg1 Rh2 28. f3 Rh3 29. Be4 f5 30. Rf1 Kf6 31. Kc2 Rh2 32. Kd3 Nb6 33.
Bf4 Rxb2 34. Be5+ Ke6 35. Rh1 fxe4+ 36. fxe4 Rxa2 0-1

[Event "Championnat de France - Accession"]
[Site "BESANCON"]
[Date "2006.08.15"]
[Round "1.13"]
[White "Terrieux, Kevin"]
[Black "Alanic, Xavier"]
[Result "1/2-1/2"]
[WhiteElo "2343"]
[BlackElo "2202"]
[PlyCount "50"]
[EventDate "2006.??.??"]

1. d4 Nf6 2. c4 e6 3. Nc3 d5 4. Nf3 Nbd7 5. Bg5 Be7 6. e3 O-O 7. Rc1 c6 8. Bd3
Re8 9. O-O a6 10. Bxf6 gxf6 11. cxd5 cxd5 12. Qc2 f5 13. Bxf5 exf5 14. Nxd5 Rb8
15. Qxf5 Nf6 16. Nxe7+ Qxe7 17. Qf4 Bd7 18. Rc5 Rbc8 19. Re5 Qd8 20. Rg5+ Kh8
21. Ne5 Bc6 22. e4 Nxe4 23. Rh5 f5 24. Rxf5 Qxd4 25. Nf3 Qg7 1/2-1/2

[Event "Championnat de France - Accession"]
[Site "BESANCON"]
[Date "2006.08.15"]
[Round "1.14"]
[White "Saatdjian, Thomas"]
[Black "Saucey, Michel"]
[Result "1/2-1/2"]
[WhiteElo "2202"]
[BlackElo "2342"]
[PlyCount "50"]
[EventDate "2006.??.??"]

1. Nf3 g6 2. c4 Bg7 3. Nc3 d6 4. d4 e5 5. g3 Nc6 6. dxe5 Nxe5 7. Nxe5 Bxe5 8.
Bg2 Ne7 9. O-O c6 10. e4 Be6 11. Qd3 Qb6 12. Bd2 Qd4 13. Qxd4 Bxd4 14. b3 h5
15. Rac1 h4 16. Ne2 Bb6 17. Bc3 Rh7 18. Bd4 hxg3 19. hxg3 O-O-O 20. Bxb6 axb6
21. Nc3 Bh3 22. Bxh3+ Rxh3 23. Kg2 Rdh8 24. Rh1 Rxh1 25. Rxh1 Rxh1 1/2-1/2

[Event "Championnat de France - Accession"]
[Site "BESANCON"]
[Date "2006.08.15"]
[Round "1.18"]
[White "Boukobza, Adrien"]
[Black "Riff, Vincent"]
[Result "0-1"]
[WhiteElo "2192"]
[BlackElo "2328"]
[PlyCount "76"]
[EventDate "2006.??.??"]

1. d4 Nf6 2. c4 c5 3. d5 e5 4. Nc3 d6 5. e4 Be7 6. Bd3 Nbd7 7. Nge2 h5 8. O-O
h4 9. Qc2 Nh5 10. Nd1 Bg5 11. Be3 Bxe3 12. Nxe3 g6 13. f4 exf4 14. Nxf4 Qg5 15.
Qf2 Ne5 16. Nxh5 gxh5 17. Be2 h3 18. g3 h4 19. Qf4 Rg8 20. Qxg5 Rxg5 21. Nf5
Bxf5 22. Rxf5 Rxf5 23. exf5 Ke7 24. Kf2 Kf6 25. gxh4 Rg8 26. Rg1 Rxg1 27. Kxg1
Kxf5 28. Kf2 Kf4 29. h5 Kg5 30. Kg3 f5 31. Kxh3 f4 32. b3 f3 33. Bd1 Kf4 34.
Kh4 f2 35. Be2 Nf3+ 36. Kh3 Ng1+ 37. Kg2 Nxe2 38. h6 Ke3 0-1

[Event "Championnat de France - Accession"]
[Site "BESANCON"]
[Date "2006.08.15"]
[Round "1.31"]
[White "Debray, Christopher"]
[Black "Lafaurie, Pierre"]
[Result "1-0"]
[WhiteElo "2284"]
[BlackElo "2149"]
[PlyCount "59"]
[EventDate "2006.??.??"]

1. e4 g6 2. d4 Bg7 3. Nc3 d6 4. f3 a6 5. Nge2 b5 6. Ng3 Nd7 7. Be3 Bb7 8. Be2
c5 9. Qd2 cxd4 10. Bxd4 Ngf6 11. a4 b4 12. Nd1 a5 13. c3 bxc3 14. Nxc3 O-O 15.
O-O Nc5 16. Ra3 Qb6 17. Nb5 e5 18. Bf2 d5 19. exd5 Rfd8 20. d6 Bf8 21. Qc2 Rac8
22. Rc3 Nfd7 23. Rc1 Bh6 24. Rd1 Qa6 25. Nc7 Qb6 26. Kh1 Rxc7 27. dxc7 Qxc7 28.
Bxc5 Nxc5 29. Rxd8+ Qxd8 30. Rxc5 1-0

[Event "Championnat de France - Accession"]
[Site "BESANCON"]
[Date "2006.08.15"]
[Round "1.32"]
[White "Soyez, Cyril"]
[Black "Morelle, Ludovic"]
[Result "0-1"]
[WhiteElo "2132"]
[BlackElo "2283"]
[PlyCount "24"]
[EventDate "2006.??.??"]

1. c4 e5 2. Nc3 Nc6 3. g3 g5 4. e3 Bg7 5. Rb1 a5 6. a3 d6 7. b4 Nh6 8. b5 Ne7
9. Bg2 O-O 10. Nge2 f5 11. d4 f4 12. dxe5 f3 0-1

[Event "Championnat de France - Open A"]
[Site "BESANCON"]
[Date "2006.08.15"]
[Round "1.1"]
[White "Colliou, Yannick"]
[Black "Schweitzer, Adrien"]
[Result "1-0"]
[WhiteElo "2197"]
[BlackElo "2048"]
[PlyCount "81"]
[EventDate "2006.??.??"]

1. d4 g6 2. Nf3 Bg7 3. g3 f5 4. Bg2 d6 5. d5 c6 6. c4 e5 7. dxe6 Bxe6 8. Qb3
Qb6 9. Nc3 Na6 10. Ng5 Nc5 11. Qxb6 axb6 12. Nxe6 Nxe6 13. Bd2 Ne7 14. O-O
O-O-O 15. Rac1 Rhe8 16. b4 Kc7 17. Rfe1 Ra8 18. e4 Bxc3 19. Bxc3 Rxa2 20. Bf6
Ng8 21. exf5 gxf5 22. Bh4 Kd7 23. b5 Ra5 24. Re3 cxb5 25. Bxb7 bxc4 26. Rxc4
Rc5 27. Rb4 b5 28. Bf3 Nc7 29. Ra3 Ne7 30. Bg5 Nc6 31. Rh4 Re1+ 32. Kg2 Ne7 33.
Rxh7 b4 34. Rb3 Rb5 35. Bd2 Ree5 36. Rxb4 Rxb4 37. Bxb4 Ne6 38. Bc3 Nf8 39. Rf7
Ke8 40. Bxe5 Kxf7 41. Bxd6 1-0

[Event "Championnat de France - Open A"]
[Site "BESANCON"]
[Date "2006.08.15"]
[Round "1.3"]
[White "Montabord, Manuel"]
[Black "Donskoi, Karel"]
[Result "1-0"]
[WhiteElo "2192"]
[BlackElo "2046"]
[PlyCount "95"]
[EventDate "2006.??.??"]

1. e4 c6 2. Nc3 d5 3. Nf3 Bg4 4. h3 Bh5 5. exd5 cxd5 6. g4 Bg6 7. Bb5+ Nc6 8.
Ne5 Rc8 9. d4 f6 10. Nxg6 hxg6 11. Qd3 Kf7 12. Nxd5 Nxd4 13. Qxd4 e6 14. Be3
Bc5 15. Qd2 Qxd5 16. Qxd5 exd5 17. Bxc5 Rxc5 18. Bd3 g5 19. O-O-O Ne7 20. Rd2
Rcc8 21. Bf1 Rcd8 22. Bg2 Rd7 23. Rhd1 Rhd8 24. Rd4 Ke8 25. Kb1 b6 26. a4 Ng6
27. Bxd5 Kf8 28. c4 Nf4 29. f3 Nxh3 30. Rh1 Nf4 31. Rh8+ Ke7 32. Re4+ Kd6 33.
Rxd8 Rxd8 34. Bf7 Rd7 35. Rd4+ Kc6 36. Rxd7 Kxd7 37. Kc2 Kd6 38. b4 a5 39. c5+
bxc5 40. bxa5 Ne2 41. Kd3 Nd4 42. Ke4 Kc6 43. Bd5+ Kc7 44. Kd3 Kb8 45. Kc4 Ka7
46. Kxc5 Ne2 47. Kd6 Nf4 48. Bc4 1-0

[Event "Championnat de France - Open A"]
[Site "BESANCON"]
[Date "2006.08.15"]
[Round "1.4"]
[White "Clement, Paul"]
[Black "Vilaisarn, Akkhavanh"]
[Result "0-1"]
[WhiteElo "2045"]
[BlackElo "2190"]
[PlyCount "43"]
[EventDate "2006.??.??"]

1. Nf3 g6 2. g3 Bg7 3. Bg2 d6 4. d3 e5 5. e4 c5 6. O-O Ne7 7. c3 Nbc6 8. Nbd2
O-O 9. Nc4 f5 10. exf5 gxf5 11. Qe2 Kh8 12. Nh4 f4 13. gxf4 exf4 14. Qh5 d5 15.
Nd2 Ne5 16. Qe2 Nf5 17. Nhf3 Ng6 18. Re1 Nfh4 19. Nxh4 Nxh4 20. Qe7 Qxe7 21.
Rxe7 Bf6 22. Re1 0-1

[Event "Championnat de France - Open A"]
[Site "BESANCON"]
[Date "2006.08.15"]
[Round "1.5"]
[White "Oliveira, Sancho"]
[Black "Ollier, Pablo"]
[Result "1-0"]
[WhiteElo "2172"]
[BlackElo "2045"]
[PlyCount "105"]
[EventDate "2006.??.??"]

1. e4 e6 2. d4 d5 3. Nc3 Bb4 4. e5 c5 5. a3 Bxc3+ 6. bxc3 Qc7 7. Qg4 Ne7 8.
Qxg7 Rg8 9. Qxh7 cxd4 10. Ne2 Nbc6 11. f4 dxc3 12. Qd3 Nf5 13. Nxc3 Ncd4 14.
Bd2 Bd7 15. Rb1 O-O-O 16. Rb4 Qc5 17. Kd1 Kb8 18. Be3 Nxe3+ 19. Qxe3 Rc8 20.
Qxd4 Qxd4+ 21. Rxd4 Rxc3 22. Rd3 Rc4 23. g3 Ba4 24. Rd2 Rc3 25. Bd3 Rgc8 26.
Ke2 Bxc2 27. Bxc2 Rxc2 28. h4 R2c4 29. Rd3 b5 30. h5 Rh8 31. Kf3 Kb7 32. h6 Rh7
33. g4 Kc6 34. g5 Kd7 35. Rb1 a6 36. Rb4 Rh8 37. Kg4 Ke7 38. Kh5 Rc1 39. a4 Rb8
40. axb5 axb5 41. Rdb3 Rd8 42. Rxb5 d4 43. Rb7+ Ke8 44. Rb8 Rxb8 45. Rxb8+ Ke7
46. Rb4 d3 47. Rd4 Rd1 48. Kg4 d2 49. Kf3 Rf1+ 50. Ke2 d1=Q+ 51. Rxd1 Rxf4 52.
Rh1 Re4+ 53. Kf3 1-0

[Event "Championnat de France - Open A"]
[Site "BESANCON"]
[Date "2006.08.15"]
[Round "1.6"]
[White "Hamel, Olivier"]
[Black "Kozal, Alexis"]
[Result "1-0"]
[WhiteElo "2044"]
[BlackElo "2169"]
[PlyCount "63"]
[EventDate "2006.??.??"]

1. d4 Nf6 2. c4 e6 3. Nf3 c5 4. d5 exd5 5. cxd5 d6 6. Nc3 g6 7. e4 Bg7 8. h3
O-O 9. Be2 Re8 10. Qc2 Nxe4 11. Nxe4 Bf5 12. Nfd2 Bh6 13. f3 Nd7 14. g4 Qh4+
15. Kd1 Re5 16. gxf5 Rxd5 17. fxg6 hxg6 18. Qb3 Nb6 19. Kc2 Rd4 20. f4 Qe7 21.
Qf3 Re8 22. Bb5 Rd8 23. f5 d5 24. fxg6 fxg6 25. Nf6+ Kg7 26. Nb3 Bxc1 27. Raxc1
Rb4 28. Rcf1 Rxb5 29. Rhg1 Rb4 30. Rxg6+ Kxg6 31. Qh5+ Kg7 32. Qh7+ 1-0

[Event "Championnat de France - Open A"]
[Site "BESANCON"]
[Date "2006.08.15"]
[Round "1.7"]
[White "Marie, Maxime"]
[Black "Ryan, Martin"]
[Result "1-0"]
[WhiteElo "2165"]
[BlackElo "2044"]
[PlyCount "59"]
[EventDate "2006.??.??"]

1. e4 c5 2. Nf3 d6 3. d4 cxd4 4. Nxd4 Nf6 5. Nc3 a6 6. Bg5 e6 7. f4 Be7 8. Qf3
Qc7 9. O-O-O Nbd7 10. g4 b5 11. Bxf6 Nxf6 12. g5 Nd7 13. Bh3 b4 14. Nce2 Nc5
15. Ng3 Bd7 16. Kb1 O-O-O 17. Rhe1 Kb8 18. Bf1 Qb6 19. h4 Rc8 20. f5 e5 21. f6
gxf6 22. gxf6 exd4 23. fxe7 Be6 24. b3 Na4 25. bxa4 Rc3 26. Qf6 b3 27. Qxh8+
Kb7 28. e8=Q bxc2+ 29. Ka1 cxd1=Q+ 30. Rxd1 1-0

[Event "Championnat de France - Open A"]
[Site "BESANCON"]
[Date "2006.08.15"]
[Round "1.8"]
[White "Canonne, Antoine"]
[Black "Aurel, Luc"]
[Result "1/2-1/2"]
[WhiteElo "2042"]
[BlackElo "2158"]
[PlyCount "80"]
[EventDate "2006.??.??"]

1. e4 d6 2. d4 g6 3. Be3 Bg7 4. c3 Nf6 5. Bd3 Ng4 6. Bf4 e5 7. dxe5 dxe5 8. Bg3
O-O 9. Nf3 Qe7 10. h3 Nh6 11. O-O Nd7 12. Na3 Nc5 13. Bc2 f6 14. Qe2 Ne6 15.
Bb3 Kh8 16. Nc4 Nf4 17. Bxf4 exf4 18. Rfe1 Nf7 19. e5 Re8 20. e6 Nd8 21. Ncd2
Bf8 22. Qe4 Nxe6 23. Bxe6 Bxe6 24. Qxf4 Qf7 25. Ne4 Bg7 26. b3 g5 27. Qg3 Bd5
28. Ned2 h6 29. Nd4 f5 30. Qd3 Rf8 31. Re2 c5 32. N4f3 Rad8 33. Qb5 Bxc3 34.
Rc1 Bxd2 35. Nxd2 b6 36. Rce1 Qd7 37. Qd3 Rf7 38. Qc3+ Kh7 39. Qe5 Qd6 40. Qc3
b5 1/2-1/2

[Event "Championnat de France - Open A"]
[Site "BESANCON"]
[Date "2006.08.15"]
[Round "1.9"]
[White "Martinez, Vincent"]
[Black "Guilbert, Jean-Louis"]
[Result "1-0"]
[WhiteElo "2158"]
[BlackElo "2042"]
[PlyCount "71"]
[EventDate "2006.??.??"]

1. d4 d5 2. Nf3 c5 3. c3 Nc6 4. Bf4 Qb6 5. Qb3 c4 6. Qxb6 axb6 7. Na3 Bd7 8.
Nb5 Ra5 9. Nc7+ Kd8 10. e4 dxe4 11. Nd2 e5 12. dxe5 Nxe5 13. b4 cxb3 14. Nxb3
Kxc7 15. Nxa5 Bd6 16. Nb3 Nf6 17. Be2 Nf3+ 18. Bxf3 Bxf4 19. Be2 Nd5 20. O-O
Rc8 21. Bc4 Nxc3 22. Bxf7 Bb5 23. Rfe1 g6 24. Nd4 Bd7 25. Ne6+ Bxe6 26. Bxe6
Re8 27. Bf7 Re7 28. Bg8 Kd6 29. g3 Bh6 30. a4 Kc5 31. a5 Bd2 32. Rf1 Ne2+ 33.
Kg2 bxa5 34. Ra2 Rd7 35. Rd1 Nc3 36. Rc2 1-0

[Event "Championnat de France - Open A"]
[Site "BESANCON"]
[Date "2006.08.15"]
[Round "1.10"]
[White "Teychene, Jean-Louis"]
[Black "Picard, Serge"]
[Result "1/2-1/2"]
[WhiteElo "2041"]
[BlackElo "2157"]
[PlyCount "72"]
[EventDate "2006.??.??"]

1. Nf3 Nf6 2. d4 g6 3. g3 Bg7 4. Bg2 O-O 5. c4 d6 6. O-O c5 7. d5 e6 8. Nc3 Re8
9. e4 exd5 10. exd5 Bg4 11. Bf4 Nh5 12. Qd2 Bxc3 13. bxc3 Bxf3 14. Bxf3 Nxf4
15. Qxf4 Re5 16. Rab1 b6 17. Qd2 Nd7 18. Bg2 Qe7 19. Qd1 f5 20. Qa4 Nf6 21.
Rxb6 Ne4 22. Bxe4 Rxe4 23. Ra6 f4 24. Qc6 Rd8 25. Qa4 Rd7 26. Qd1 Rxc4 27. Re1
Re4 28. Rxe4 Qxe4 29. Qg4 Rf7 30. gxf4 Qxd5 31. Ra4 Qd2 32. Qf3 d5 33. Kg2 c4
34. Qe3 Qd1 35. Qe8+ Kg7 36. Qe5+ Kg8 1/2-1/2

[Event "Championnat de France - Open B"]
[Site "BESANCON"]
[Date "2006.08.15"]
[Round "1.2"]
[White "Francois, Jean"]
[Black "Santarnecchi, Marcello"]
[Result "1/2-1/2"]
[WhiteElo "1813"]
[BlackElo "2000"]
[PlyCount "59"]
[EventDate "2006.??.??"]

1. c4 e5 2. e4 Nc6 3. Nf3 Bc5 4. d3 d6 5. Be2 Nge7 6. Nc3 O-O 7. O-O f5 8. exf5
Nxf5 9. a3 a5 10. Nd5 Ncd4 11. Ne3 c6 12. Nxf5 Bxf5 13. Be3 Nxf3+ 14. Bxf3 Qb6
15. Bxc5 Qxc5 16. Qb3 Rab8 17. Rad1 Be6 18. Qc3 Rf4 19. b4 axb4 20. axb4 Qd4
21. Qd2 Rbf8 22. Be4 Bg4 23. Rde1 d5 24. cxd5 cxd5 25. Qa2 Rd8 26. g3 Rf6 27.
Bg2 Bf5 28. Be4 Be6 29. Bg2 Rdf8 30. Re2 1/2-1/2

[Event "Championnat de France - Open B"]
[Site "BESANCON"]
[Date "2006.08.15"]
[Round "1.3"]
[White "Pokee, Anne-Josephe"]
[Black "Kassab, Faouzi"]
[Result "1-0"]
[WhiteElo "1998"]
[BlackElo "1811"]
[PlyCount "124"]
[EventDate "2006.??.??"]

1. e4 e6 2. d4 d5 3. e5 c5 4. c3 Ne7 5. Bg5 Qb6 6. Na3 Bd7 7. Qb3 Qxb3 8. axb3
cxd4 9. cxd4 h6 10. Be3 Nf5 11. Ne2 Bb4+ 12. Nc3 O-O 13. Nc2 Nc6 14. Bd3 Nxe3
15. fxe3 a6 16. O-O Be7 17. Na4 Rab8 18. Rf3 g6 19. Nc3 Kg7 20. e4 dxe4 21.
Nxe4 Rbd8 22. Be2 Bc8 23. Rd1 Rd5 24. Nc3 Rd7 25. Na4 Rc7 26. Rc3 b5 27. Nb6
Bb7 28. d5 exd5 29. Nxd5 Rd7 30. Bg4 Rdd8 31. Nxe7 Nxe7 32. Rc7 Rxd1+ 33. Bxd1
Rd8 34. Bg4 Be4 35. Nb4 Nd5 36. Nxd5 Bxd5 37. e6 Bxb3 38. e7 Re8 39. Ra7 Kf6
40. Rxa6+ Kxe7 41. Rb6 Bc4 42. Kf2 Ra8 43. b3 Ra2+ 44. Ke1 Rxg2 45. Bf3 Rg1+
46. Kf2 Rf1+ 47. Kg2 Bd3 48. Rb7+ Kf6 49. Rd7 Rxf3 50. Kxf3 Bc2 51. b4 Ke6 52.
Rd2 Bb3 53. Kf4 Bc4 54. Rd1 g5+ 55. Kg3 h5 56. h4 Kf5 57. Rd2 g4 58. Rd6 f6 59.
Rc6 Bd3 60. Rc5+ Kg6 61. Kf4 Kh6 62. Rc3 Be2 {suite illisible} 1-0

[Event "Championnat de France - Open B"]
[Site "BESANCON"]
[Date "2006.08.15"]
[Round "1.4"]
[White "Costa, Pierre-Jean"]
[Black "Gambini, Stephane"]
[Result "0-1"]
[WhiteElo "1810"]
[BlackElo "1996"]
[PlyCount "66"]
[EventDate "2006.??.??"]

1. e4 c5 2. Nf3 d6 3. d4 cxd4 4. Nxd4 Nf6 5. Nc3 a6 6. Be2 e6 7. O-O Be7 8. Be3
b5 9. a3 Bb7 10. f3 Nbd7 11. Qe1 O-O 12. Qf2 d5 13. exd5 Nxd5 14. Nxd5 Bxd5 15.
Rfd1 Bh4 16. g3 Bf6 17. Rac1 Qc7 18. Rd2 Ne5 19. Rcd1 Bc4 20. b3 Bxe2 21. Qxe2
Qa5 22. Bf4 Ng6 23. Bd6 Rfd8 24. Bc5 Qc7 25. b4 Ne5 26. Kg2 Nc4 27. Nxe6 fxe6
28. Qxe6+ Kh8 29. Rd7 Rxd7 30. Rxd7 Qe5 31. Qc6 Qe2+ 32. Kh3 Qf1+ 33. Kg4 Ne5+
0-1

[Event "Championnat de France - Open B"]
[Site "BESANCON"]
[Date "2006.08.15"]
[Round "1.5"]
[White "Gastal, Laurent"]
[Black "Petit, Jean-Pierre"]
[Result "0-1"]
[WhiteElo "1989"]
[BlackElo "1810"]
[PlyCount "94"]
[EventDate "2006.??.??"]

1. e4 c5 2. c3 Nf6 3. e5 Nd5 4. d4 cxd4 5. Nf3 Nc6 6. cxd4 d6 7. Bc4 Nb6 8. Bb3
Bf5 9. O-O e6 10. Nc3 Be7 11. d5 Nxd5 12. Nxd5 exd5 13. exd6 Qxd6 14. Qxd5 Qxd5
15. Bxd5 O-O 16. Bg5 Bxg5 17. Nxg5 Bg6 18. Rac1 h6 19. Nh3 Rab8 20. a3 Rfd8 21.
Nf4 Bh7 22. Rfd1 g5 23. Nh5 Bg6 24. Nf6+ Kg7 25. Ne4 Rxd5 26. Rxd5 Bxe4 27. Rd6
Ne5 28. Re1 Rc8 29. f3 Nc4 30. Rd4 Bf5 31. Rc1 Nxb2 32. Rxc8 Bxc8 33. Kf2 Be6
34. Ke3 Nc4+ 35. Kd3 Nxa3 36. Rb4 Bd5 37. Kc3 a6 38. h4 Bc6 39. hxg5 hxg5 40.
Rg4 Kh6 41. f4 f6 42. fxg5+ fxg5 43. g3 Nb5+ 44. Kb4 Nd6 45. Rd4 Nf5 46. Rd3
Kh5 47. Kc5 Kg4 0-1